Mariano Marcos State University

University Library System

Profile of the industrial arts teachers in both public and private schools of the Division of Laoag City 1981-1982 (Record no. 9699)

MARC details
000 -LEADER
fixed length control field 00527nam a22001457a 4500
005 - DATE AND TIME OF LATEST TRANSACTION
control field 20171010095508.0
008 - FIXED-LENGTH DATA ELEMENTS--GENERAL INFORMATION
fixed length control field 110706t xxu||||| |||| 00| 0 eng d
100 ## - MAIN ENTRY--PERSONAL NAME
Personal name Agustin, Tomas M.
9 (RLIN) 1884
245 ## - TITLE STATEMENT
Title Profile of the industrial arts teachers in both public and private schools of the Division of Laoag City 1981-1982
260 ## - PUBLICATION, DISTRIBUTION, ETC.
Date of publication, distribution, etc. 1983
300 ## - PHYSICAL DESCRIPTION
Extent xi, [79] leaves
Dimensions 28 cm.
500 ## - GENERAL NOTE
General note Thesis (M.A.T. Practical Arts) Mariano Marcos State University, Laoag City
500 ## - GENERAL NOTE
General note Bibliography: leaves 63-64
942 ## - ADDED ENTRY ELEMENTS (KOHA)
Source of classification or shelving scheme
Koha item type Thesis/Dissertation
Holdings
Withdrawn status Lost status Source of classification or shelving scheme Damaged status Not for loan Home library Current library Date acquired Total Checkouts Barcode Date last seen Price effective from Koha item type Public note
          REF REF 10/10/2017   7 08/10/2012 10/10/2017 Thesis/Dissertation Library Use only

© 2023 Mariano Marcos State University. All Rights Reserved.

Powered by Koha